Geography Quiz

Random Geography or World Quiz

Bordering Populous Countries Quiz Stats

 Plays Quiz Updated Mar 15, 2019

Score 0/62 Timer 05:00
2 Plays Today
% Correct
India
95.8%
India
95.8%
India
95.8%
Canada
95.1%
Mexico
94.9%
United States
93.2%
Argentina
92.9%
Pakistan
90.3%
Pakistan
90.3%
Mongolia
89.7%
Mongolia
89.7%
Nepal
87.1%
Nepal
87.1%
Paraguay
87.1%
Uruguay
86.8%
Russia
86.4%
Afghanistan
86.1%
Afghanistan
86.1%
Peru
86%
North Korea
85.8%
North Korea
85.8%
Colombia
84.5%
China
83%
China
83%
China
83%
Niger
82.7%
Ukraine
82.3%
Venezuela
82.3%
Bolivia
81.5%
Bangladesh
79.4%
Kazakhstan
78.7%
% Correct
Kazakhstan
78.7%
Vietnam
78.5%
Latvia
76.9%
Suriname
76.3%
Iran
76.2%
Estonia
76.1%
Myanmar
76%
Myanmar
76%
Myanmar
76%
Guyana
75.8%
Malaysia
74.6%
Lithuania
74.6%
Laos
74.4%
Guatemala
74.3%
Finland
73.4%
Belize
72.9%
Belarus
72.8%
Georgia
71.3%
Bhutan
70%
Bhutan
70%
Poland
69%
Tajikistan
65.8%
Azerbaijan
65.5%
Kyrgyzstan
64.7%
Chad
61.3%
Papua New Guinea
57.7%
France
52.4%
Norway
52.1%
Cameroon
51%
Timor-Leste
51%
Benin
48.3%

You're not logged in!

Compare scores with friends on all Sporcle quizzes.
OR
Log In

Sporcle TV

Today on Sporcle TV


Watch our educational content, quiz creation guides, and fun videos on Sporcle TV.

Show Comments

Extras

Top Quizzes Today


Score Distribution

Your Account Isn't Verified!

In order to create a playlist on Sporcle, you need to verify the email address you used during registration. Go to your Sporcle Settings to finish the process.

Report this User

Report this user for behavior that violates our Community Guidelines.

Details: